[Event "Pristina Nderkombetar op"]
[Site "Pristina"]
[Date "2022.06.18"]
[Round "2"]
[White "Cerkini, Jeton"]
[Black "Kasumi, Gezim"]
[Result "0-1"]
[WhiteElo "2133"]
[BlackElo "1969"]
[PlyCount "64"]
[EventDate "2022.06.17"]
[EventType "swiss"]
[EventRounds "9"]
[EventCountry "KOS"]
[SourceTitle "CBM 209 Extra"]
[Source "ChessBase"]
[SourceDate "2022.09.30"]
[SourceVersion "1"]
[SourceVersionDate "2022.09.30"]
[SourceQuality "1"]

1. e4 Nc6 2. Nf3 e5 3. d4 exd4 4. Nxd4 d6 5. Nc3 Nf6 6. f3 Be7 7. Be3 0-0 8. Qd2 Re8 9. 0-0-0 Nxd4 10. Qxd4 Be6 11. Kb1 c6 12. Qd2 Qc7 13. g4 Nd7 14. h4 Ne5 15. Qg2 b5 16. g5 Qa5 17. a3 b4 18. axb4 Qxb4 19. Rd4 Bc4 20. f4 Rab8 21. Nd1 c5 22. Rxc4 Nxc4 23. Bxc4 Qxc4 24. f5 Bf8 25. f6 Qxe4 26. Qg1 d5 27. Rh3 d4 28. Nf2 Qf5 29. Bc1 Re2 30. fxg7 Bxg7 31. Ng4 Qxc2+ 32. Ka1 Rg2 0-1

[Event "KOS-chT"]
[Site "Pristina"]
[Date "2017.05.23"]
[Round "7.4"]
[White "Zabergja, Bekim"]
[Black "Kasumi, Gezim"]
[Result "1/2-1/2"]
[WhiteElo "2025"]
[BlackElo "1924"]
[PlyCount "57"]
[EventDate "2017.05.17"]
[EventType "team-tourn"]
[EventRounds "7"]
[EventCountry "KOS"]
[SourceTitle "CBM 178 Extra"]
[Source "ChessBase"]
[SourceDate "2017.06.22"]
[SourceVersion "1"]
[SourceVersionDate "2017.06.22"]
[SourceQuality "1"]
[WhiteTeam "Llamkos"]
[BlackTeam "Vellaznimi"]
[WhiteTeamCountry "KOS"]
[BlackTeamCountry "KOS"]

1. e4 Nc6 2. d4 e5 3. Bb5 Nxd4 4. Qh5 Qf6 5. Bd3 Bc5 6. Be3 Ne7 7. Nc3 c6 8. Nge2 Ne6 9. Bxc5 Nxc5 10. f4 Nxd3+ 11. cxd3 d6 12. 0-0 Qg6 13. Qh4 Qg4 14. Qf2 exf4 15. Nxf4 0-0 16. Qd4 Qd7 17. Rf3 Qc7 18. Rg3 Ng6 19. Nxg6 fxg6 20. Qc4+ Qf7 21. Qd4 Be6 22. Rf3 Qc7 23. Rxf8+ Kxf8 24. Rf1+ Ke8 25. Kh1 h6 26. a3 b6 27. Ne2 Qe7 28. Qa4 b5 29. Qc2 1/2-1/2

[Event "KOS-chT"]
[Site "Pristina"]
[Date "2017.05.19"]
[Round "3.4"]
[White "Uruci, Endrit"]
[Black "Kasumi, Gezim"]
[Result "1-0"]
[WhiteElo "2043"]
[BlackElo "1924"]
[PlyCount "81"]
[EventDate "2017.05.17"]
[EventType "team-tourn"]
[EventRounds "7"]
[EventCountry "KOS"]
[SourceTitle "CBM 178 Extra"]
[Source "ChessBase"]
[SourceDate "2017.06.22"]
[SourceVersion "1"]
[SourceVersionDate "2017.06.22"]
[SourceQuality "1"]
[WhiteTeam "Dardania"]
[BlackTeam "Vellaznimi"]
[WhiteTeamCountry "KOS"]
[BlackTeamCountry "KOS"]

1. e4 Nc6 2. Nf3 e5 3. d4 exd4 4. Bc4 d6 5. Nxd4 Be7 6. Nc3 Bf6 7. Be3 Nge7 8. Qd2 0-0 9. 0-0-0 Nxd4 10. Bxd4 Bxd4 11. Qxd4 Be6 12. f4 Nc6 13. Qd3 Qf6 14. Rdf1 Rfe8 15. Bxe6 fxe6 16. Nb5 Rac8 17. g4 a6 18. g5 Qf7 19. Nc3 b5 20. Kb1 Qe7 21. h4 Rcd8 22. h5 Rf8 23. Nd5 Qd7 24. Ne3 d5 25. h6 g6 26. Ng4 Qd6 27. Nf6+ Kh8 28. exd5 exd5 29. f5 Ne5 30. Qg3 Nc4 31. Qxd6 Rxd6 32. fxg6 hxg6 33. Kc1 Ne3 34. Rf3 Nf5 35. Re1 Rfxf6 36. gxf6 Rxf6 37. Re7 Rc6 38. Rd7 Rxc2+ 39. Kxc2 Nd4+ 40. Kd3 Nxf3 41. Ke3 1-0

[Event "Pristina op"]
[Site "Pristina"]
[Date "2015.06.14"]
[Round "2"]
[White "Xheladini, Fikri"]
[Black "Kasumi, Gezim"]
[Result "1-0"]
[WhiteElo "2070"]
[BlackElo "1904"]
[PlyCount "36"]
[EventDate "2015.06.13"]
[EventType "swiss"]
[EventRounds "9"]
[EventCountry "KOS"]
[SourceTitle "CBM 167 Extra"]
[Source "ChessBase"]
[SourceDate "2015.09.14"]
[SourceVersion "1"]
[SourceVersionDate "2015.09.14"]
[SourceQuality "1"]

1. e4 Nc6 2. d4 e5 3. d5 Nce7 4. c4 d6 5. Nc3 Nf6 6. Be2 Ng6 7. h4 Be7 8. h5 Nf8 9. Be3 h6 10. Qd3 N8h7 11. f3 0-0 12. f4 Nd7 13. Nh3 Bh4+ 14. Kd1 Nc5 15. Qd2 b6 16. Kc2 a6 17. b4 Nd7 18. a4 Bf6 1-0